000 00288nam a22001337a 4500
008 170606b xxu||||| |||| 00| 0 eng d
020 _a9780815797043
041 _aeng
080 _a94(100)
100 _a18
101 _aSHH
245 _aELUSIVE PEACE
_cZARTMAN,I.W
942 _2udc
_cBK
999 _c16108
_d16108